<?xml version="1.0" encoding="UTF-8"?>
<record
    xmlns:xsi="http://www.w3.org/2001/XMLSchema-instance"
    xsi:schemaLocation="http://www.loc.gov/MARC21/slim http://www.loc.gov/standards/marcxml/schema/MARC21slim.xsd"
    xmlns="http://www.loc.gov/MARC21/slim">

  <leader>01796nam a22002177a 4500</leader>
  <controlfield tag="003">IT-MiCISF</controlfield>
  <controlfield tag="005">20230323104714.0</controlfield>
  <controlfield tag="008">230322b        |||||||| |||| 00| 0 eng d</controlfield>
  <datafield tag="040" ind1=" " ind2=" ">
    <subfield code="c">IT-MiCISF</subfield>
  </datafield>
  <datafield tag="041" ind1=" " ind2=" ">
    <subfield code="a">it</subfield>
  </datafield>
  <datafield tag="100" ind1=" " ind2=" ">
    <subfield code="a">Maino Franca (a cura di)</subfield>
    <subfield code="9">59761</subfield>
  </datafield>
  <datafield tag="245" ind1=" " ind2=" ">
    <subfield code="a">Il ritorno dello Stato sociale? Mercato, terzo settore e comunit&#xE0; oltre la pandemia. </subfield>
    <subfield code="b">Quinto Rapporto sul secondo welfare</subfield>
  </datafield>
  <datafield tag="260" ind1=" " ind2=" ">
    <subfield code="a">Torino, </subfield>
    <subfield code="b">Giappichelli, </subfield>
    <subfield code="c">2021</subfield>
  </datafield>
  <datafield tag="300" ind1=" " ind2=" ">
    <subfield code="a">pp. XXII, 357</subfield>
  </datafield>
  <datafield tag="500" ind1=" " ind2=" ">
    <subfield code="a">welfare, societ&#xE0;, terzo-settore, stratificazione-sociale, demografia, cambiamento, lavoro, progetto, esperienze</subfield>
  </datafield>
  <datafield tag="520" ind1=" " ind2=" ">
    <subfield code="a">Il Quinto Rapporto sul secondo welfare offre dati, approfondimenti e riflessioni sugli impatti che il Covid-19 ha generato sul sistema sociale italiano. Particolare attenzione &#xE8; rivolta al ruolo che attori privati, organizzazioni del Terzo Settore, corpi intermedi e gruppi informali di cittadini hanno assunto per affrontare la crisi pandemica. Il volume si basa su focus group e survey che hanno coinvolto i maggiori esperti di welfare del nostro Paese e che hanno consentito di identificare i principali mutamenti che riguardano tre sfere del secondo welfare: welfare aziendale territoriale, welfare filantropico e welfare di prossimit&#xE0;. L'analisi prende in considerazione i cambiamenti presenti e futuri in tali ambiti lungo due direttrici, nazionale-locale e pubblico-privato, approfondendo il posizionamento della leadership di alcune organizzazioni-chiave. Il Rapporto &#xE8; arricchito da alcuni casi studio riguardanti le tre aree di welfare oggetto di analis</subfield>
  </datafield>
  <datafield tag="650" ind1=" " ind2=" ">
    <subfield code="a">servizi-alla-persona</subfield>
    <subfield code="9">56082</subfield>
  </datafield>
  <datafield tag="654" ind1=" " ind2=" ">
    <subfield code="a">rapporto</subfield>
  </datafield>
  <datafield tag="700" ind1=" " ind2=" ">
    <subfield code="a">Santoni V., De Tommaso C:V., Lodi Rizzini C., De Gregorio O., Cibinel E., Agostini C., Moroni P.</subfield>
    <subfield code="9">59762</subfield>
  </datafield>
  <datafield tag="942" ind1=" " ind2=" ">
    <subfield code="2">ddc</subfield>
    <subfield code="c">BK</subfield>
  </datafield>
  <datafield tag="999" ind1=" " ind2=" ">
    <subfield code="c">359647</subfield>
    <subfield code="d">359647</subfield>
  </datafield>
  <datafield tag="952" ind1=" " ind2=" ">
    <subfield code="0">0</subfield>
    <subfield code="1">0</subfield>
    <subfield code="2">ddc</subfield>
    <subfield code="4">0</subfield>
    <subfield code="6">B_7758_000000000000000</subfield>
    <subfield code="7">1</subfield>
    <subfield code="a">CISF</subfield>
    <subfield code="b">CISF</subfield>
    <subfield code="d">2023-03-22</subfield>
    <subfield code="l">0</subfield>
    <subfield code="o">B7758</subfield>
    <subfield code="r">2023-03-22 00:00:00</subfield>
    <subfield code="w">2023-03-22</subfield>
    <subfield code="y">BK</subfield>
  </datafield>
</record>
